000 00703nam a2200229 a 4500
001 000007299
005 20200929154127.0
008 740117s1972 sp 001 f spa
040 _aDO-SdBNP
_bspa
_cBNPHU
082 _a892.709
_bV532l, 1972.
100 1 _aVernet, Juan
_q(Juan Vernet Ginés)
_d1923-
_920268
245 1 0 _aLiteratura árabe /
_cJuan Vernet.
250 _a3a ed.
260 _aBarcelona, España :
_bLabor,
_c1972.
300 _a263 p. ;
_c21 cm.
490 1 _aLabor ;
_v25
500 _aIncluye índice de nombres.
504 _aBibliografía : p. 229-249
650 4 _aLiteratura árabe
_xHistoria y crítica
_920269
650 4 _aProsa árabe
_920270
830 0 _aLabor ;
_n25
_920271
999 _c7080
_d7080